1498 1856 1032 1453 1768 1719 1450 1218 1167 1621 1876 1869 1473 1540 1176 1760 1625 1604 1195 1575 1284 1800 1843 1368 1877 1785 1378 1811 1553 1042 1495 1404 1418 1777 1064 1576 1645 1084 1394 1496 1442 1022 1935 1670 1184 1217 1514 1799 1630 1546 1927 1043 1498 1058 1581 1163 1836 1842 1019 1257 1224 1883 1095 1671 1257 1419 1340 1756 1591 1731 1369 1194 1079 1974 1548 1303 1705 1510 1868 1525 1399 1308 1408 1577 1878 1171 1201 1451 1402 1380 1654 1722 1870 1158 1414 1862 1629 1551 1233 BCNSPRNW ULIB Ver.6.0+V

เปลี่ยนเป็นภาษาไทย

Change to English
 แสดงรายละเอียดบรรณานุกรม
  กลับหน้าหลัก

Brief Record : Get Marc (ISO 2709) : E-mail record : QR code < ปิดหน้าต่าง
LEADER : 00000nam 2200000uu 4500
001    13399108873
003     ULIB
008    110315s2551||||th 000 0 tha d
020    9789744224811
060  4 WY100^bส691ค 2551
110 1  กระทรวงสาธารณสุข^bกรมการแพทย์^bสำนักงานการพยาบาล
245 00 ความรู้ ทักษะ และตัวชี้วัดเฉพาะงานการพยาบาล:ใน5จังหวัดชายแดนภาคใต้/^cบรรณาธิการ,จินนะรัตน์ ศรีภัทรภิญโญ,อัมภา ศรารัชต์
260    นนทบุรี:^bสำนักงานการพยาบาล,^c2551
300    161 หน้า
650  7 ทักษะการพยาบาล
945    ^p0^l0^i025739
995    ทศพร
999 ^a ใช้งานได้ทุกระบบ
รายการนี้ยังไม่มีแท็ก
คุณยังไม่ได้ล็อกอิน คุณสามารถมีกิจกรรมร่วมกับเว็บไซต์ได้ แต่ต้องล็อกอินก่อน ::
  ล็อกอิน

รายการสื่อสารสนเทศ

ลำดับที่ ประเภท เลขเรียก/บาร์โค้ด สถานที่ สถานะ
- ไม่พบข้อมูล -

BibComment


ยังไม่เคยถูกคอมเมนท์

คอมเมนท์ทรัพยากรรายการนี้
  คอมเมนท์: ความรู้ ทักษะ และ..


 Copyright 2026. Bcnsprnw @Library